| 000 | 00774cgm a22002177a 4500 | ||
|---|---|---|---|
| 005 | 20201125063856.0 | ||
| 007 | vd cgaizm | ||
| 008 | 140923t2014 xxx f |||| 0| vneng d- | ||
| 020 | _a9781133317388 | ||
| 040 | _aEG-ScBUE | ||
| 082 | 0 | 0 |
_222 _a428.0071 _bSHE |
| 100 | 1 |
_aSherman, Kristin _931144 |
|
| 245 | 1 | 0 |
_aPathways 3 _h[videorecording] : _breading, writing, and critical thinking : assessment CD-ROM exam view / _cKristin Sherman and Katerina Mestheneou. |
| 246 | 3 | _aPathways three | |
| 260 |
_a[S. l.] : _bNational Geographic Learning : _bHeinle Cengage Learning, _cc.2014. |
||
| 300 | _a1 CD-ROM. | ||
| 653 |
_bEEENG _cOctober2014 |
||
| 700 | 1 |
_aMestheneou, Katerina _936131 |
|
| 710 | 2 |
_aNational Geographic Learning _935969 |
|
| 942 |
_2ddc _cCDR _k428.0071 SHE TR |
||
| 999 |
_c18425 _d18397 |
||